000 01502 a2200253 4500
003 Nust
005 20170207154010.0
010 _a 00050121
020 _a1565929470
040 _cNust
082 0 0 _a005.72
100 1 _aFrost, Martin,
245 1 0 _aLearning WML & WMLScript -(E-BOOK)
_cMartin Frost.
246 3 _aLearning WML and WMLScript
260 _aSebastopol, CA :
_bO'Reilly,
_cc2000.
300 _axvii, 179 p. :
_bill. ;
_c24 cm.
505 _aIntroduction To WML (Page-6) WML Variables And Contexts (Page-12) WML Tasks And Events (Page-17) WML User Interaction (Page-24) WML Timers (Page-36) WML Decks, Templates, And Cards (Page-40) WML Text And Text Formatting (Page-45) WML Images (Page-52) Introduction To Wmlscript (Page-54) Wmlscript Datatypes, Variables, And Conversions (Page-57) Wmlscript Operators And Expressions (Page-63) Wmlscript Statements (Page-74) Wmlscript Functions (Page-78) Wmlscript Pragmas (Page-83) The Lang Library (Page-85) The Float Library (Page-95) The String Library (Page-102) The URL Library (Page-119)
650 0 _aDocument markup languages.
650 0 _aWireless Application Protocol (Computer network protocol)
651 _aE-BOOK
856 4 2 _3Contributor biographical information
_uhttp://www.loc.gov/catdir/enhancements/fy0915/00050121-b.html
856 4 2 _3Publisher description
_uhttp://www.loc.gov/catdir/enhancements/fy0915/00050121-d.html
856 4 2 _3Table of contents only
_uhttp://www.loc.gov/catdir/enhancements/fy1008/00050121-t.html
942 _2ddc
_cBK
999 _c191178
_d191178